| 000 | 00743nam a22002651a 4500 | ||
|---|---|---|---|
| 001 | 36274 | ||
| 003 | BD-RjUL | ||
| 005 | 20211209052449.0 | ||
| 008 | 140618s1954 ii 001 0 eng | ||
| 035 | _a(BD-RjUL)36371 | ||
| 035 | _a(OCoLC)11188813 | ||
| 040 |
_aDLC _cCCC _dCCC _dDLC _dBD-RjUL _beng |
||
| 041 | _aeng | ||
| 082 | 0 | 4 |
_a342.54029 _bSEF 1954 |
| 100 | 1 |
_aSen, Dhirendranath. _9110394 |
|
| 245 | 1 | 0 |
_aFrom raj to swaraj / _cDhirendranath Sen. |
| 260 |
_aCalcutta : _bVidyodaya Library, _c1954. |
||
| 300 |
_axx, 544 p. ; _c23 cm. |
||
| 504 | _aIncludes index. | ||
| 650 | 0 |
_aConstitutional history _zIndia. _9110395 |
|
| 650 | 0 |
_aPolitical science. _9110396 |
|
| 942 |
_2ddc _cBK |
||
| 999 |
_c36274 _d36274 |
||